000 01683nam2a22003371 4500
001 rc\1142186
005 20241212103135.0
010 _bВ пер.
_d3 р. 30 к.
_915000
021 _aRU
_b80-52571
035 _a(NLR Aleph) 005980225
090 _a7020763
_c7020763
100 _a20041129d1980 k y0rusy50 ca
101 0 _arus
102 _aRU
105 _ay z|||||1||
200 1 _a1862-1881
_f[Т.К. Шах-Азизова, Е.Г. Холодов, Н.Г. Зограф и др.]
210 _d1980
215 _a552 с.
320 _aБиблиогр. в примеч.: с. 390-411
320 _aУказатель имен: с. 538-551
461 0 _1001rc\2318347
_12001#$aИстория русского драматического театра$eв 7-ми томах$f[Всесоюз. науч.-исслед. ин-т искусствознания]$gред. коллегия:... Е.Г. Холодов (гл. ред.) [и др.]$vТ. 5
_911654971
_cМосква
_d1977-1987
_f[Всесоюз. науч.-исслед. ин-т искусствознания]
_nИскусство
_oв 7-ми томах
_tИстория русского драматического театра
_vТ. 5
701 1 _7ca
_8rus
_aШах-Азизова
_bТ. К.
_gТатьяна Константиновна
_941920
_3RU\NLR\AUTH\7758988
701 1 _aХолодов
_bЕ. Г.
_cкритик
_f1915-1981
_gЕфим Григорьевич
701 1 _aЗограф
_bН. Г.
_f1909-
_gНиколай Георгиевич
801 0 _aRU
_bNLR
_gpsbo
801 1 _aRU
_bELAR
_2rusmarc
801 2 _aRU
_bNLR
_c20160603
_2rusmarc
852 _aNLR
_j77-5/2014 (5)
942 _cBOOK
980 _aNB